Statistiques concernant Mobs de Minecraft aléatoires par images

Cliquez ici pour prendre le quiz!

Statistiques générales

  • Ce quiz a été pris 2 314 fois
    (1 524 depuis la dernière actualisation)
  • Le résultat moyen est 14 sur 20

Statistiques - réponses

Réponse% Correct
Lapin
94%
Creeper
92%
Loup
92%
Panda
92%
Poule
92%
Zombie
92%
Cochon
91%
Tortue
91%
Abeille
90%
Araignée
90%
Squelette
90%
Chat
89%
Mouton
89%
Vache
89%
Villageois
89%
Âne
88%
Dauphin
88%
Lama
88%
Ours blanc
88%
Perroquet
88%
Renard
88%
Cheval
87%
Enderman
87%
Ghast
87%
Grenouille
86%
Sorcière
86%
Golem de fer
85%
Slime
85%
Chauve-souris
84%
Chèvre
84%
Blaze
82%
Saumon
80%
Poulpe
79%
Wither
79%
Ender Dragon
78%
Cheval-squelette
76%
Têtard
76%
Mule
73%
Poisson-globe
73%
Wither squelette
73%
Piglin
71%
Phantom
70%
Warden
69%
Gardien
67%
Shulker
67%
Ocelot
65%
Cube de magma
63%
Champimeuh
58%
Endermite
58%
Marchand ambulant
58%
Poisson d'argent
58%
Araignée venimeuse
57%
Golem de neige
57%
Piglin zombifié
57%
Noyé
56%
Villageois zombie
55%
Axolotl
54%
Poisson tropical
54%
Pillard
51%
Morue
50%
Vex
48%
Allay
47%
Ravageur
46%
Zombie momifié
45%
Hoglin
40%
Grand gardien
39%
Poulpe luisant
39%
Piglin barbare
32%
Évocateur
27%
Zoglin
27%
Vindicateur
24%
Vagabond
20%
Arpenteur
19%

Distribution des résultats

Percentile par nombre de réponses

% des personnes avec chaque résultat

Votre développement - résultats

Vous n’avez pas pris ce quiz depuis la dernière actualisation